<?xml version="1.0" encoding="UTF-8"?>
<record
    xmlns:xsi="http://www.w3.org/2001/XMLSchema-instance"
    xsi:schemaLocation="http://www.loc.gov/MARC21/slim http://www.loc.gov/standards/marcxml/schema/MARC21slim.xsd"
    xmlns="http://www.loc.gov/MARC21/slim">

  <leader>01327nam a22002297a 4500</leader>
  <datafield tag="999" ind1=" " ind2=" ">
    <subfield code="c">61972</subfield>
    <subfield code="d">61972</subfield>
  </datafield>
  <controlfield tag="003">Ge_BSU</controlfield>
  <controlfield tag="005">20240618112726.0</controlfield>
  <controlfield tag="008">240618s1971    ge ||||| |||| 00| 0 geo d</controlfield>
  <datafield tag="041" ind1=" " ind2=" ">
    <subfield code="a">geo</subfield>
  </datafield>
  <datafield tag="080" ind1=" " ind2=" ">
    <subfield code="a">615.83(075.8) &#x10E4;-30</subfield>
  </datafield>
  <datafield tag="100" ind1=" " ind2=" ">
    <subfield code="a">&#x10E4;&#x10D0;&#x10E0;&#x10EF;&#x10D0;&#x10DC;&#x10D0;&#x10EB;&#x10D4;, &#x10E8;&#x10D0;&#x10DA;&#x10D5;&#x10D0;</subfield>
    <subfield code="9">22469</subfield>
  </datafield>
  <datafield tag="245" ind1=" " ind2=" ">
    <subfield code="a">&#x10E4;&#x10D8;&#x10D6;&#x10D8;&#x10DD;&#x10D7;&#x10D4;&#x10E0;&#x10D0;&#x10DE;&#x10D8;&#x10D0; &#x10D3;&#x10D0; &#x10E1;&#x10D0;&#x10D4;&#x10E5;&#x10D8;&#x10DB;&#x10DD; &#x10E4;&#x10D8;&#x10D6;&#x10D9;&#x10E3;&#x10DA;&#x10E2;&#x10E3;&#x10E0;&#x10D0; :</subfield>
    <subfield code="b"> &#x10E1;&#x10D0;&#x10EE;&#x10D4;&#x10DA;&#x10DB;&#x10EB;&#x10E6;&#x10D5;. &#x10E1;&#x10D0;&#x10DB;&#x10D4;&#x10D3;&#x10D8;&#x10EA;&#x10D8;&#x10DC;&#x10DD; &#x10E1;&#x10D0;&#x10E1;&#x10EC;&#x10D0;&#x10D5;&#x10DA;&#x10D4;&#x10D1;&#x10DA;&#x10D4;&#x10D1;&#x10D8;&#x10E1;&#x10D0;&#x10D7;&#x10D5;&#x10D8;&#x10E1; /</subfield>
    <subfield code="c">&#x10E8;&#x10D0;&#x10DA;&#x10D5;&#x10D0; &#x10E4;&#x10D0;&#x10E0;&#x10EF;&#x10D0;&#x10DC;&#x10D0;&#x10EB;&#x10D4;, &#x10E0;&#x10DD;&#x10DB;&#x10D0;&#x10DC;&#x10DD;&#x10D6; &#x10E1;&#x10D5;&#x10D0;&#x10DC;&#x10D8;&#x10E8;&#x10D5;&#x10D8;&#x10DA;&#x10D8;.</subfield>
  </datafield>
  <datafield tag="250" ind1=" " ind2=" ">
    <subfield code="a">&#x10DB;&#x10D4;-2 &#x10E8;&#x10D4;&#x10D5;&#x10E1;&#x10D4;&#x10D1;. &#x10D3;&#x10D0; &#x10D2;&#x10D0;&#x10D3;&#x10D0;&#x10DB;&#x10E3;&#x10E8;. &#x10D2;&#x10D0;&#x10DB;&#x10DD;&#x10EA;.</subfield>
  </datafield>
  <datafield tag="264" ind1=" " ind2=" ">
    <subfield code="a">&#x10D7;&#x10D1;&#x10D8;&#x10DA;&#x10D8;&#x10E1;&#x10D8; : </subfield>
    <subfield code="b">&#x10D2;&#x10D0;&#x10DC;&#x10D0;&#x10D7;&#x10DA;&#x10D4;&#x10D1;&#x10D0;, </subfield>
    <subfield code="c">1971.</subfield>
  </datafield>
  <datafield tag="300" ind1=" " ind2=" ">
    <subfield code="a">246 &#x10D2;&#x10D5;. : </subfield>
    <subfield code="b">&#x10D8;&#x10DA;. ; </subfield>
    <subfield code="c">23 &#x10E1;&#x10DB;</subfield>
  </datafield>
  <datafield tag="653" ind1=" " ind2=" ">
    <subfield code="a">&#x10E4;&#x10D8;&#x10D6;&#x10D8;&#x10DD;&#x10D7;&#x10D4;&#x10E0;&#x10D0;&#x10DE;&#x10D8;&#x10D0;</subfield>
  </datafield>
  <datafield tag="653" ind1=" " ind2=" ">
    <subfield code="a">&#x10E1;&#x10D0;&#x10D4;&#x10E5;&#x10D8;&#x10DB;&#x10DD; &#x10E4;&#x10D8;&#x10D6;&#x10D9;&#x10E3;&#x10DA;&#x10E2;&#x10E3;&#x10E0;&#x10D0;</subfield>
  </datafield>
  <datafield tag="700" ind1=" " ind2=" ">
    <subfield code="a">&#x10E1;&#x10D5;&#x10D0;&#x10DC;&#x10D8;&#x10E8;&#x10D5;&#x10D8;&#x10DA;&#x10D8;, &#x10E0;&#x10DD;&#x10DB;&#x10D0;&#x10DC;&#x10DD;&#x10D6;</subfield>
    <subfield code="e">&#x10D0;&#x10D5;&#x10E2;&#x10DD;&#x10E0;&#x10D8;</subfield>
    <subfield code="9">22470</subfield>
  </datafield>
  <datafield tag="700" ind1=" " ind2=" ">
    <subfield code="a">&#x10D1;&#x10D0;&#x10D2;&#x10E0;&#x10D0;&#x10E2;&#x10D8;&#x10DD;&#x10DC;&#x10D8;, &#x10D5;&#x10DA;.</subfield>
    <subfield code="e">&#x10E0;&#x10D4;&#x10D3;&#x10D0;&#x10E5;&#x10E2;&#x10DD;&#x10E0;&#x10D8;</subfield>
    <subfield code="9">22471</subfield>
  </datafield>
  <datafield tag="856" ind1=" " ind2=" ">
    <subfield code="u">https://dspace.nplg.gov.ge/bitstream/1234/496500/1/FizioterapiaDaSaeqimoFizkultura_1971.pdf</subfield>
    <subfield code="y">&#x10D4;&#x10DA;. &#x10D5;&#x10D4;&#x10E0;&#x10E1;&#x10D8;&#x10D0;</subfield>
  </datafield>
  <datafield tag="942" ind1=" " ind2=" ">
    <subfield code="2">udc</subfield>
    <subfield code="c">&#x1CAC;&#x1C98;&#x1C92;&#x1C9C;&#x1C98;</subfield>
  </datafield>
  <datafield tag="952" ind1=" " ind2=" ">
    <subfield code="0">0</subfield>
    <subfield code="1">0</subfield>
    <subfield code="2">udc</subfield>
    <subfield code="4">0</subfield>
    <subfield code="6">615830758_&#x10E4;30</subfield>
    <subfield code="7">0</subfield>
    <subfield code="9">99280</subfield>
    <subfield code="a">CPL</subfield>
    <subfield code="b">CPL</subfield>
    <subfield code="c">GEN</subfield>
    <subfield code="d">2024-06-18</subfield>
    <subfield code="g">1.96</subfield>
    <subfield code="o">615.83(075.8) &#x10E4;-30</subfield>
    <subfield code="p">68223</subfield>
    <subfield code="r">2024-06-18</subfield>
    <subfield code="t">68223</subfield>
    <subfield code="w">2024-06-18</subfield>
    <subfield code="y">&#x1CAC;&#x1C98;&#x1C92;&#x1C9C;&#x1C98;</subfield>
    <subfield code="z">1 &#x10DA;. 96 &#x10D7;.</subfield>
  </datafield>
  <datafield tag="952" ind1=" " ind2=" ">
    <subfield code="0">0</subfield>
    <subfield code="1">0</subfield>
    <subfield code="2">udc</subfield>
    <subfield code="4">0</subfield>
    <subfield code="6">615830758_&#x10E4;30</subfield>
    <subfield code="7">0</subfield>
    <subfield code="9">101485</subfield>
    <subfield code="a">CPL</subfield>
    <subfield code="b">CPL</subfield>
    <subfield code="c">GEN</subfield>
    <subfield code="d">2024-12-18</subfield>
    <subfield code="g">1.00</subfield>
    <subfield code="o">615.83(075.8) &#x10E4;-30</subfield>
    <subfield code="p">29258</subfield>
    <subfield code="r">2024-12-18</subfield>
    <subfield code="t">29258</subfield>
    <subfield code="w">2024-12-18</subfield>
    <subfield code="y">&#x1CAC;&#x1C98;&#x1C92;&#x1C9C;&#x1C98;</subfield>
    <subfield code="z">1&#x10DA;.96&#x10D7;.</subfield>
  </datafield>
</record>
